War in the Making: (Record no. 587827)
[ view plain ]
| 000 -LEADER | |
|---|---|
| fixed length control field | 00463nam a22001457a 4500 |
| 020 ## - INTERNATIONAL STANDARD BOOK NUMBER | |
| International Standard Book Number | 9789692366304 |
| 082 ## - DEWEY DECIMAL CLASSIFICATION NUMBER | |
| Classification number | 355.954 |
| Author Mark | DAR |
| 100 ## - MAIN ENTRY--PERSONAL NAME | |
| Personal name | Dar, Ghazanfar Lateef |
| 245 ## - TITLE STATEMENT | |
| Title | War in the Making: |
| Remainder of title | South Asia and US-China Strategic Competition in Indo-Pacific / |
| Statement of responsibility, etc. | Ghazanfar Lateef Dar |
| 260 ## - PUBLICATION, DISTRIBUTION, ETC. | |
| Place of publication, distribution, etc. | Lahore : |
| Name of publisher, distributor, etc. | Maqsood Graphic, |
| Date of publication, distribution, etc. | 2021. |
| 300 ## - PHYSICAL DESCRIPTION | |
| Extent | 273p. ; |
| Dimensions | 22 cm. |
| 942 ## - ADDED ENTRY ELEMENTS (KOHA) | |
| Source of classification or shelving scheme | |
| Koha item type | Book |
| Withdrawn status | Lost status | Source of classification or shelving scheme | Damaged status | Not for loan | Permanent Location | Current Location | Date acquired | Source of acquisition | Total Checkouts | Full call number | Barcode | Date last seen | Date last checked out | Price effective from | Koha item type |
|---|---|---|---|---|---|---|---|---|---|---|---|---|---|---|---|
| Central Library (CL) | Central Library (CL) | 02/11/2022 | Donated by Ghazanfar Lateef Dar | 1 | 355.954 DAR | CL-D-1448 | 12/04/2025 | 11/02/2025 | 02/11/2022 | Book | |||||
| Central Library (CL) | Central Library (CL) | 02/11/2022 | Donated by Ghazanfar Lateef Dar | 355.954 DAR | CL-D-1449 | 11/16/2022 | 02/11/2022 | Book |
